00610 2200217 4500001002100000005001500021035002000036007000300056008004100059020002200100082000800122084001400130100001500144245006200159250003400221260003600255300003700291650001800328700003000346990001600376INLIS00000000000386720251010024220 a0010-1025000143ta251010 d j ind  a978-623-258-766-3 a813 a813 RIT m0 aRitahayati1 aMotivasi Mimpi :bKumpulan Cerpen /cRitahayati (Penulis) aCetakan Pertama, Oktober 2021 aSurabaya :bKanaka Media,c2021 axvi; 97 Halaman :bteks ;c20 cm 4aCerita Pendek0 aElma Qorina Qurana Haiqia a00000005254